Justice variable passthrough data, 1990

Guardado en:  
Detalles Bibliográficos
Autor principal: Lindgren, Sue A. (Autor)
Tipo de documento: Print Artículo
Lenguaje:Inglés
Publicado: 1992
En:In: Bureau of Justice Statistics Technical Report (1992), Seite 1-8
Disponibilidad en Tübingen:Disponible en Tübingen.
IFK: 7218
Verificar disponibilidad: HBZ Gateway
Palabras clave:

MARC

LEADER 00000caa a22000002c 4500
001 1640257292
003 DE-627
005 20220608131525.0
007 tu
008 160223s1992 xx ||||| 00| ||eng c
035 |a (DE-627)1640257292 
035 |a (DE-576)456095896 
035 |a (DE-599)BSZ456095896 
040 |a DE-627  |b ger  |c DE-627  |e rakwb 
041 |a eng 
100 1 |a Lindgren, Sue A.  |4 aut 
245 1 0 |a Justice variable passthrough data, 1990  |c Sue A. Lindgren 
264 1 |c 1992 
336 |a Text  |b txt  |2 rdacontent 
337 |a ohne Hilfsmittel zu benutzen  |b n  |2 rdamedia 
338 |a Band  |b nc  |2 rdacarrier 
773 0 8 |i In  |a Bureau of Justice Statistics Technical Report  |g (1992), Seite 1-8 
773 1 8 |g year:1992  |g pages:1-8 
935 |a mkri 
951 |a AR 
ELC |b 1 
LOK |0 000 xxxxxcx a22 zn 4500 
LOK |0 001 3301747485 
LOK |0 003 DE-627 
LOK |0 004 1640257292 
LOK |0 005 20160223101458 
LOK |0 008 160208||||||||||||||||ger||||||| 
LOK |0 040   |a DE-21-110  |c DE-627  |d DE-21-110 
LOK |0 689   |a s  |a Drogenkonsum 
LOK |0 689   |a s  |a USA 
LOK |0 689   |a s  |a Kosten 
LOK |0 852   |a DE-21-110 
LOK |0 852 1  |c 7218  |m p  |9 00 
LOK |0 935   |a k110 
LOK |0 938   |k p 
LOK |0 939   |a 08-02-16  |b l01 
ORI |a SA-MARC-krimdoka001.raw 
SIG |a IFK: 7218